[Event "1st Open"]
[Site "Illes Medes ESP"]
[Date "2006.12.30"]
[Round "4"]
[White "Cruz,F"]
[Black "Kukov,V"]
[Result "1/2-1/2"]
[WhiteElo "2371"]
[BlackElo "2265"]

1.c4 c6 2.e4 e5 3.Nf3 Qa5 4.Nc3 Bb4 5.Bd3 Nf6 6.O-O Bxc3 7.dxc3 d6 8.Bc2 Qc7
9.Bg5 Be6 10.b3 Nbd7 11.Nh4 h6 12.Bd2 O-O-O  1/2-1/2

[Event "Australian Open"]
[Site "Tuggeranong AUS"]
[Date "2006.12.30"]
[Round "3"]
[White "Johansen,D"]
[Black "Smirnov,Vl1"]
[Result "1-0"]
[WhiteElo "2458"]
[BlackElo "2281"]

1.c4 c6 2.Nf3 d5 3.d4 Nf6 4.Qc2 e6 5.g3 Ne4 6.Bg2 Bd6 7.O-O O-O 8.b3 Na6
9.Bb2 Nb4 10.Qc1 Bd7 11.a3 Na6 12.b4 Be8 13.Ne1 f5 14.c5 Bc7 15.Nd3 Bh5 16.Bf3 Bg4
17.Bxg4 fxg4 18.Nd2 Ng5 19.f4 Nh3+ 20.Kg2 g5 21.e3 Qf6 22.Ne5 Bxe5 23.dxe5 Qh6
24.Nb3 Nc7 25.Qc2 gxf4 26.exf4 Nxf4+ 27.gxf4 Qh3+ 28.Kh1 Rf5 29.Nd4 Rh5 30.Rg1 g3
31.Rxg3+ Qxg3 32.Rg1 Qxg1+ 33.Kxg1 Kf7 34.a4 Rg8+ 35.Kh1 Rg4 36.Bc1 a6 37.Qe2 Rgh4
38.Nf3 Rg4 39.Ng5+ Rhxg5 40.fxg5 Rxb4 41.Qh5+  1-0

[Event "15th Donau Open"]
[Site "Aschach an der Donau AUT"]
[Date "2006.12.31"]
[Round "7"]
[White "Balinov,I"]
[Black "Szoen,D"]
[Result "1/2-1/2"]
[WhiteElo "2455"]
[BlackElo "2441"]

1.c4 c6 2.e4 d5 3.exd5 cxd5 4.d4 Nf6 5.Nc3 e6 6.Nf3 Bb4 7.Bd3 O-O 8.O-O dxc4
9.Bxc4 Qc7 10.Qe2 Bxc3 11.bxc3 Nbd7 12.Ba3 Re8 13.Ne5 b6 14.Rac1 Bb7 15.f4 Rac8
16.Bd3 a6 17.c4 Rcd8 18.Rfe1 Nf8 19.Qf2 N6d7 20.Bb1 f6 21.Ng4 Ba8 22.Ne3 f5
23.d5 Nc5 24.dxe6 Nfxe6 25.Bxf5 Qxf4 26.Bxe6+ Nxe6 27.Nd5 Qxf2+ 28.Kxf2 Bxd5
29.cxd5 Rxd5 30.Rc6 Rd2+ 31.Kg1 Rxa2 32.Rcxe6 Rxe6 33.Rxe6 Rxa3 34.Rxb6 h5
35.h4 Ra4 36.Kf2 Rf4+ 37.Ke3 Rf6 38.Rb7 Kh7 39.Ra7 Kh6 40.g3 g5 41.Ke4 gxh4
42.gxh4 Kg6 43.Ra8 Rb6 44.Ke5 Kf7 45.Ra7+ Ke8 46.Kd5 Rf6 47.Rh7 Rb6 48.Ra7 Rh6
49.Kc5 Kf8 50.Ra8+ Ke7 51.Ra7+ Ke8 52.Ra8+ Kd7 53.Ra7+ Kc8 54.Rf7 Kb8 55.Rf8+ Kc7
56.Rf7+ Kc8 57.Rg7 Kd8 58.Ra7 Rf6 59.Rh7  1/2-1/2

[Event "Open"]
[Site "Verona ITA"]
[Date "2007.01.03"]
[Round "1"]
[White "Sbarra,M"]
[Black "Frigieri,F"]
[Result "1-0"]
[WhiteElo "2290"]
[BlackElo "2088"]

1.c4 c6 2.e4 d5 3.cxd5 cxd5 4.exd5 Qxd5 5.Nc3 Qa5 6.Nf3 Nf6 7.d4 Nbd7 8.Bd3 g6
9.O-O Bg7 10.Re1 e6 11.Nb5 O-O 12.Bd2 Qb6 13.Bb4 a6 14.Bxf8 Bxf8 15.Na3 Qxb2
16.Nc4 Qb4 17.Rb1 Qe7 18.a4 Nd5 19.Qd2 Nb4 20.a5 Nf6 21.Nb6 Rb8 22.Ne5 Nxd3
23.Qxd3 Bd7 24.Qg3 Rd8 25.Nbxd7 Nxd7 26.Rxb7 Qd6 27.Qf3 f5 28.Qb3 Nxe5 29.Rxe5 Re8
30.Rb6 Qxd4 31.Rexe6 Rxe6 32.Qxe6+ Kg7 33.Qe1 Qc4 34.Qf1 Qa4 35.Rxa6 Bc5
36.Ra8 Qe4 37.Rc8 Qd4 38.a6 Bb6 39.Rc1 Ba7 40.Rd1 Qc5 41.Qe2 h6 42.Qb2+ Kf7
43.Rc1  1-0

[Event "Masters 2006-7"]
[Site "Hastings ENG"]
[Date "2007.01.05"]
[Round "9"]
[White "Snape,I"]
[Black "Schuurman,P"]
[Result "1/2-1/2"]
[WhiteElo "2217"]
[BlackElo "2239"]

1.c4 c6 2.e4 d5 3.exd5 cxd5 4.cxd5 Nf6 5.Qa4+ Nbd7 6.Nc3 g6 7.Nf3 Bg7 8.Bc4 O-O
9.d3 a6 10.Qa3 Nb6 11.Qb3 Bf5 12.O-O Rc8 13.Re1 Qc7 14.Bg5 Nxc4 15.dxc4 e6
16.dxe6 Bxe6 17.Nd5 Bxd5 18.cxd5 Rfd8 19.Rac1 Qd7 20.Rcd1 h6 21.d6 Qb5 22.Qxb5 axb5
23.Bf4 Nd7 24.Re2 Rc4 25.Bg3 Bf6 26.Kf1 b4 27.Be5 Bxe5 28.Nxe5 Nxe5 29.Rxe5 Rc2
30.Re2 Rc6 31.d7 Kf8 32.Re4 b3 33.axb3 Rc7 34.Red4 Ke7 35.Ke2 Rcxd7 36.Rxd7+ Rxd7
37.Rxd7+ Kxd7 38.Kd3 h5 39.h4 f6 40.b4 Kc7 41.Kd4 Kd6 42.g3 b6 43.Kc4 Kc6
44.f3 g5 45.Kd4 Kd6 46.Ke4 Ke6 47.f4 f5+ 48.Kd4 gxh4 49.gxh4 Kd6 50.Kc3 Kc7
51.Kb3 Kd6 52.Ka4 Kc6 53.b3 Kc7 54.Kb5 Kb7 55.Kc4 Kc6 56.Kd4 Kd6 57.Kc4  1/2-1/2

[Event "Petrovskaya Ladya Open"]
[Site "Peterhof RUS"]
[Date "2007.01.05"]
[Round "3"]
[White "Chernenko,I"]
[Black "Balakirev,I"]
[Result "0-1"]
[WhiteElo "1734"]
[BlackElo "2176"]

1.c4 c6 2.d4 d5 3.Nc3 e6 4.Nf3 Nf6 5.Bg5 dxc4 6.e3 b5 7.a4 Bb4 8.Ne5 Bb7
9.Qf3 Qd5 10.Qf4 Nbd7 11.Be2 Nxe5 12.Bxf6 gxf6 13.dxe5 Qxe5 14.Qxe5 fxe5
15.Bf3 a6 16.Ke2 Bxc3 17.bxc3 O-O-O 18.Rab1 Rd3 19.Rhc1 Rhd8 20.Rc2 f5 21.g4 e4
22.Bg2 Rg8 23.Bh3 f4 24.Rg1 Rgd8 25.Rb1 f3+ 26.Ke1 R3d5 27.Rcb2 Rg5 28.Rd2 Rdd5
29.Kd1 Kc7 30.Kc2 Bc8 31.Rd4 Rxd4 32.exd4 h5 33.Rg1 e5 34.dxe5 Rxe5 35.Rg3 Rg5
36.Kd2 hxg4 37.Ke3 Rg8 38.Bf1 Rh8 39.h3 gxh3 40.Rg1 h2 41.Rh1 Rh4 42.Kd4 Kd6  0-1

[Event "Open"]
[Site "Verona ITA"]
[Date "2007.01.06"]
[Round "5"]
[White "Sbarra,M"]
[Black "Bernardi,R"]
[Result "1-0"]
[WhiteElo "2290"]
[BlackElo "2114"]

1.c4 c6 2.e4 d5 3.cxd5 cxd5 4.exd5 Qxd5 5.Nc3 Qa5 6.Nf3 Nc6 7.d4 e6 8.Bd3 Nf6
9.O-O Be7 10.a3 O-O 11.Bd2 Qh5 12.Ne2 Bd6 13.Re1 b6 14.Ng3 Bxg3 15.hxg3 Rd8
16.Bc3 Bb7 17.Be4 Rac8 18.Qa4 a6 19.Rad1 b5 20.Qb3 Nxe4 21.Rxe4 Rd5 22.Rde1 Rcd8
23.Qc2 a5 24.b3 Rc8 25.Qd2 Ra8 26.Ne5 f5 27.Nxc6 fxe4 28.Ne7+ Kh8 29.Nxd5 Qxd5
30.Re3 b4 31.Bb2 bxa3 32.Bxa3 a4 33.Qb4 axb3 34.Rxb3 Ba6 35.Qb8+ Qd8 36.Qxd8+ Rxd8
37.Bd6 Kg8 38.Be5 Kf7 39.Rb6 Bc8 40.Rc6 Bd7 41.Rc7 g6 42.Kf1 Ke8 43.Ke2 Rc8
44.Ra7 Rc2+ 45.Ke3 Rc3+ 46.Kf4 h6 47.Bd6 Rc2 48.Ke5 Kd8 49.Bc5 Rxf2 50.Kd6 Bc8
51.Rh7 Ke8 52.Rh8+ Kf7 53.Rxc8 Rxg2 54.Kd7 e3 55.Rf8+ Kg7 56.Re8 Kf7 57.Rxe6 Rxg3
58.d5 e2 59.Rxe2 Rd3 60.Kc6 g5 61.d6 Kg6 62.d7 Rxd7 63.Kxd7 h5 64.Ke6 g4
65.Be7  1-0

[Event "ch-NZL 2006-7"]
[Site "Wanganui NZL"]
[Date "2007.01.06"]
[Round "5"]
[White "Dive,RJ"]
[Black "Spain,G"]
[Result "1-0"]
[WhiteElo "2350"]
[BlackElo "2200"]

1.c4 c6 2.e4 e5 3.Nc3 Nf6 4.Nf3 d6 5.d4 Nbd7 6.Be2 Be7 7.h3 Qc7 8.Be3 Nf8
9.Qd2 Ng6 10.O-O O-O 11.b4 Bd7 12.Rab1 Rad8 13.Rfd1 Bc8 14.Qc2 a6 15.Rdc1 Nh5
16.Na4 Qb8 17.Nb6 Nhf4 18.Bf1 f5 19.Nxc8 Qxc8 20.dxe5 fxe4 21.Qxe4 dxe5 22.b5 Rf6
23.bxa6 bxa6 24.Re1 Bd6 25.Red1 Rdf8 26.Rxd6 Rxd6 27.Bc5 Qd7 28.Bxd6 Qxd6
29.Rb6 Qd1 30.Rxc6 Rb8 31.Rxa6 Rb1 32.Nd2 Rc1 33.Ra8+ Nf8 34.Qf5 Ng6 35.Ra7 Nh8
36.Qxe5 Nf7 37.Qd5  1-0

[Event "ch-NZL 2006-7"]
[Site "Wanganui NZL"]
[Date "2007.01.07"]
[Round "6"]
[White "Stuart,P"]
[Black "Dive,RJ"]
[Result "1/2-1/2"]
[WhiteElo "2139"]
[BlackElo "2350"]

1.c4 c6 2.Nf3 d5 3.b3 Nf6 4.g3 e6 5.Bg2 Be7 6.Bb2 Nbd7 7.O-O O-O 8.d3 a5
9.a3 b5 10.cxd5 cxd5 11.Nbd2 Bb7 12.Rc1 Qb6 13.Qc2 Rac8 14.Qb1 h6 15.Rxc8 Rxc8
16.Rc1 Rxc1+ 17.Qxc1 Bd6 18.d4 b4 19.a4 Ba6 20.Bf1 Ne4 21.Nxe4 dxe4 22.Nd2 f5
23.e3 Bxf1 24.Qc8+ Nf8 25.Kxf1 Qc7 26.Qxc7 Bxc7 27.Ke2 Nd7 28.Nc4 g5 29.Kf1 Nf6
30.Ke2 Kf7 31.Kf1 Ke7 32.Ke2 Kd7 33.Kf1 Kc6 34.Ke2 Kd5 35.Ba1 g4 36.Kf1 Nh7
37.Nd2 Ng5 38.Ke2 h5 39.Bb2 Bd8 40.Ba1 Nf7 41.Nc4 Bc7 42.Bb2 Nh8 43.Nd2 Ng6
44.Nc4 h4 45.Nd2 h3 46.Nc4 Nh8 47.Nd2 Nf7 48.Nc4 Ng5 49.Nd2 Bd6 50.Ba1 Be7
51.Bb2 Nf7 52.Nc4 Nd8 53.Nd2 Nc6 54.Nc4 Nb8 55.Nd2 Nd7 56.Nc4 Nf6  1/2-1/2

[Event "zt 3.3"]
[Site "Phu Quoc VIE"]
[Date "2007.01.11"]
[Round "1"]
[White "Laylo,D"]
[Black "Ton That Nhu Tung"]
[Result "1/2-1/2"]
[WhiteElo "2476"]
[BlackElo "2249"]

1.c4 c6 2.Nf3 d5 3.d4 Nf6 4.e3 a6 5.Qc2 g6 6.Bd3 Bg7 7.Nbd2 O-O 8.O-O Nbd7
9.b3 e5 10.Nxe5 Nxe5 11.dxe5 Ng4 12.Nf3 Nxe5 13.Nxe5 Bxe5 14.Bb2 Re8 15.Bxe5 Rxe5
16.Rae1 dxc4 17.Bxc4 b5 18.Rd1 Qe7 19.Be2 Bb7 20.Bf3 Re8 21.b4 a5 22.a3 axb4
23.axb4 c5 24.Bxb7 Qxb7 25.bxc5 Qc6 26.Rc1 Rg5 27.g3 Rc8 28.Qb2 Rxc5 29.Rxc5 Qxc5
30.Rb1 Qf5 31.e4 Qxe4  1/2-1/2

[Event "zt 3.3"]
[Site "Phu Quoc VIE"]
[Date "2007.01.13"]
[Round "3"]
[White "Barbosa,O PHI"]
[Black "Shanmugam,R"]
[Result "1-0"]
[WhiteElo "2413"]
[BlackElo "2151"]

1.c4 c6 2.Nf3 d5 3.g3 dxc4 4.a4 b5 5.Bg2 Bb7 6.b3 cxb3 7.axb5 cxb5 8.Qxb3 Qd5
9.Qb2 a6 10.O-O Nf6 11.Nc3 Qd8 12.d4 e6 13.e4 Be7 14.d5 exd5 15.Rd1 O-O 16.Bf4 Qb6
17.Na4 Qa5 18.Nc5 Qxa1 19.Qxa1 Bxc5 20.exd5 Nbd7 21.Ne5 a5 22.Nc6 b4 23.Qa4 Nb6
24.Qc2 Nfd7 25.Bc7 a4 26.d6 b3 27.Qc3 Kh8 28.h4 h6 29.h5 Rfe8 30.Ne7 Bxg2
31.Kxg2 Ra7 32.Nf5 Re5 33.Nxh6 gxh6 34.f4 a3 35.fxe5 b2 36.e6+  1-0

[Event "XXXII Open"]
[Site "Seville ESP"]
[Date "2007.01.13"]
[Round "7"]
[White "Lalic,B"]
[Black "Kononenko,T"]
[Result "1-0"]
[WhiteElo "2522"]
[BlackElo "2379"]

1.c4 c6 2.e4 d5 3.exd5 cxd5 4.d4 Nf6 5.Nc3 e6 6.Nf3 Bb4 7.Bd3 dxc4 8.Bxc4 Nc6
9.O-O O-O 10.a3 Be7 11.Bd3 b6 12.Re1 Bb7 13.Bc2 Rc8 14.Qd3 Re8 15.d5 exd5
16.Bg5 g6 17.Rxe7 Nxe7 18.Bxf6 Qd6 19.Be5 Qe6 20.Bd4 Nf5 21.h3 Nxd4 22.Nxd4 Qf6
23.Rd1 a6 24.Bb3 Rcd8 25.Qd2 Re7 26.Nce2 Rde8 27.Ng3 Kg7 28.Ndf5+  1-0

[Event "TCh-NOR 2006-7"]
[Site "Oslo NOR"]
[Date "2007.01.14"]
[Round "6"]
[White "Egeli,P"]
[Black "Bae,T"]
[Result "0-1"]
[WhiteElo "2284"]
[BlackElo "2352"]

1.c4 c6 2.Nf3 d5 3.e3 Nf6 4.b3 Bg4 5.Bb2 e6 6.Be2 Nbd7 7.d3 Bd6 8.Nbd2 O-O
9.O-O a5 10.d4 Qb8 11.h3 Bf5 12.Nh4 Be4 13.f3 Bf5 14.f4 Ne4 15.Nxf5 exf5
16.Nxe4 fxe4 17.cxd5 cxd5 18.Bb5 Qd8 19.Rc1 Nb6 20.Rf2 Nc8 21.Bf1 Ne7 22.Rfc2 Nf5
23.Qe1 g5 24.g3 Kh8 25.Rc5 gxf4 26.gxf4 Rg8+ 27.Kh1 Rg3 28.Rxd5 Qh4 29.Kh2 Nxe3
30.Rxd6 Ng4+ 31.Kh1 Rxh3+ 32.Kg1 Rh1+  0-1

[Event "zt 3.3"]
[Site "Phu Quoc VIE"]
[Date "2007.01.14"]
[Round "5"]
[White "Bui Vinh"]
[Black "Duong The Anh"]
[Result "1-0"]
[WhiteElo "2485"]
[BlackElo "2393"]

1.c4 c6 2.e4 d5 3.exd5 cxd5 4.d4 Nf6 5.Nc3 Nc6 6.Nf3 e6 7.Bd3 dxc4 8.Bxc4 Be7
9.O-O O-O 10.Re1 a6 11.a3 b5 12.Ba2 b4 13.axb4 Nxb4 14.Bb1 Bb7 15.Ne5 Rc8
16.Bg5 Nfd5 17.Qh5 f5 18.Bxe7 Qxe7 19.Nxd5 Bxd5 20.Ra3 Rf6 21.Qg5 h6 22.Qd2 Qb7
23.Rg3 Nc6 24.Nd3 Nxd4 25.Nf4 Nb3 26.Qe3 Nc5 27.Qd4 Rf7 28.Nxd5 Qxd5 29.Qxd5 exd5
30.Rc3 Rcc7 31.Ba2 Ne4 32.Rxc7 Rxc7 33.Bxd5+ Kh7 34.f3 Nf6 35.Be6 Rc5 36.Kf2 f4
37.g3 fxg3+ 38.hxg3 Kg6 39.Re2 Ne8 40.Ke3 Re5+ 41.Kd3 Rxe2 42.Kxe2 Nc7 43.Bc4 Kf5
44.Ke3 Ke5 45.f4+ Kd6 46.Ke4 a5 47.Kf5 Ke7 48.Ke5 Kd7 49.Bb3 Ke7 50.Ba4 Na8
51.Bb5 Nc7 52.Bc4 Kd7 53.Bf7 Na6 54.Kd5 Nb4+ 55.Kc4 Kc6 56.Bg6 Kb6 57.Be4 Na6
58.f5 Nc7 59.Kd4 Kb5 60.Ke5 Kc4 61.Kd6 Nb5+ 62.Ke7 a4 63.Kf8 Kb3 64.Kxg7 Kxb2
65.f6 a3 66.Bd5 Nc7 67.f7 Nxd5 68.f8=Q a2 69.Qb8+ Kc2 70.Qa8 Nc3 71.Qa3  1-0

[Event "zt 3.3"]
[Site "Phu Quoc VIE"]
[Date "2007.01.16"]
[Round "7"]
[White "Khandhar,K"]
[Black "Ton That Nhu Tung"]
[Result "0-1"]
[WhiteElo "1924"]
[BlackElo "2249"]

1.c4 c6 2.Nf3 d5 3.g3 Nf6 4.Bg2 Bf5 5.cxd5 cxd5 6.Qb3 Qc8 7.Nc3 e6 8.d3 h6
9.Bf4 g5 10.Be5 Nbd7 11.Bxf6 Nxf6 12.Qb5+ Nd7 13.Ne5 Bg7 14.Qxd7+ Qxd7 15.Nxd7 Kxd7
16.Kd2 Rac8 17.e4 dxe4 18.Bxe4 Bxe4 19.dxe4 Ke7 20.Rad1 Rc4 21.Kd3 Rhc8 22.Rc1 b5
23.Rhe1 Be5 24.Kd2 a6 25.a3 g4 26.h3 h5 27.hxg4 hxg4 28.a4 Bf6 29.Ne2 Bg5+  0-1

[Event "zt 3.3"]
[Site "Phu Quoc VIE"]
[Date "2007.01.16"]
[Round "7"]
[White "Laylo,D"]
[Black "Duong The Anh"]
[Result "1-0"]
[WhiteElo "2476"]
[BlackElo "2393"]

1.c4 c6 2.d4 d5 3.Nf3 Nf6 4.e3 e6 5.Nbd2 Nbd7 6.Bd3 c5 7.O-O Be7 8.b3 O-O
9.Bb2 cxd4 10.Bxd4 b6 11.cxd5 Nc5 12.Be2 Nxd5 13.a3 Bb7 14.b4 Nd7 15.Nc4 f6
16.Qb3 Qe8 17.Rad1 Qf7 18.Bb2 Rfd8 19.Nd4 Nf8 20.Bf3 Rac8 21.Rc1 Ng6 22.Bh5 Bf8
23.f4 Nde7 24.Nd2 Bxg2 25.Rxc8 Rxc8 26.Kxg2 Nh4+ 27.Kh1 Qxh5 28.Qxe6+ Qf7
29.Qg4 Nhg6 30.N2f3 Qd5 31.Kg1 Qe4 32.Re1 a5 33.b5 Re8 34.Qd7 Nc8 35.f5 Qg4+
36.Kf2 Nd6 37.Rg1 Qh3 38.Rg3 Ne4+ 39.Ke1 Qh6 40.Rg2 Qxe3+ 41.Re2 Qd3 42.Nd2 Nxd2
43.Qd5+ Kh8 44.Rxe8 Nc4 45.fxg6 Qd2+ 46.Kf1 Ne3+ 47.Rxe3 Qxe3 48.Ne6 Qh3+
49.Ke1 Qxh2 50.Nxf8 Qxb2 51.Ne6 Qa1+ 52.Ke2 Qb2+ 53.Kf3 Qxa3+ 54.Kg4 Qb4+
55.Kh5 hxg6+ 56.Kxg6 Qg4+ 57.Kf7  1-0

[Event "Open A"]
[Site "Prague CZE"]
[Date "2007.01.16"]
[Round "7"]
[White "Maliszewski,J"]
[Black "Kettenburg,S"]
[Result "0-1"]
[WhiteElo "1929"]
[BlackElo "2056"]

1.c4 c6 2.e4 d5 3.exd5 cxd5 4.cxd5 Qxd5 5.Nc3 Qd8 6.d4 e6 7.Nf3 Nf6 8.Bc4 Be7
9.O-O O-O 10.Bf4 Nc6 11.Qd2 Nb4 12.Rac1 b6 13.Ne5 Bb7 14.Rfd1 Nbd5 15.Bg5 Nxc3
16.bxc3 Ne4 17.Bxe7 Nxd2 18.Bxd8 Nxc4 19.Bh4 Rac8 20.f4 Ne3 21.Rd2 Nd5 22.Rdc2 Nxf4
23.Rf1 Nxg2 24.Rxg2 Bxg2 25.Kxg2 f6 26.Nf3 Rxc3 27.Rf2 Rfc8 28.Ne1 R8c4 29.Rd2 Ra4
30.Nc2 Rxa2 31.Kf1 Raxc2 32.Rd1 Rc1  0-1

[Event "5th Parsvnath Open"]
[Site "New Delhi IND"]
[Date "2007.01.17"]
[Round "4"]
[White "Koshy,V"]
[Black "Safin,S"]
[Result "0-1"]
[WhiteElo "2334"]
[BlackElo "2459"]

1.c4 c6 2.b3 d5 3.Bb2 Bg4 4.g3 Nd7 5.Bg2 e6 6.d3 a5 7.a3 Bd6 8.d4 Qb8 9.e4 dxe4
10.Bxe4 Qc7 11.Nf3 Rc8 12.Qc1 b5 13.c5 a4 14.b4 Ne5 15.Qe3 Nd7 16.h4 Nf8
17.h5 Be5  0-1

[Event "zt 3.3"]
[Site "Phu Quoc VIE"]
[Date "2007.01.17"]
[Round "8"]
[White "Barbosa,O PHI"]
[Black "Bui Vinh"]
[Result "1/2-1/2"]
[WhiteElo "2413"]
[BlackElo "2485"]

1.c4 c6 2.e4 d5 3.exd5 cxd5 4.cxd5 Nf6 5.Nc3 Nxd5 6.Nf3 e6 7.Bc4 Be7 8.O-O O-O
9.d4 Nc6 10.a3 Nxc3 11.bxc3 b6 12.Qd3 Bb7 13.Re1 Rc8 14.Ba2 Bf6 15.Bf4 Re8
16.Rad1 Na5 17.Ne5 Bd5 18.Bb1 g6 19.Qh3 Qe7 20.Ng4 Bg7 21.Nh6+ Bxh6 22.Bxh6 Qxa3
23.Qh4 f5 24.Bxf5 Qe7 25.Bg5 Qf7 26.Be4 Rxc3 27.Bd2 Rcc8 28.Bxa5 bxa5 29.Bxd5 exd5
30.Qg3 Qf6 31.Qg4 Qf5 32.Qxf5 gxf5 33.Rxe8+ Rxe8 34.Ra1 a4 35.g3 a5 36.Rxa4 Ra8
37.Kg2 Kf7 38.Kf3 Kf6 39.Kf4 Ra6 40.f3 Ra8 41.g4 fxg4 42.fxg4 h6 43.h4 Ke6
44.g5 hxg5+ 45.hxg5 Ra7 46.g6 Kf6 47.g7 Kxg7 48.Ke5 Kf7 49.Kxd5 Ke8 50.Kc6 Kd8
51.d5 Rc7+ 52.Kd6 Rd7+  1/2-1/2

[Event "TCh-AUT 2006-7"]
[Site "Leoben AUT"]
[Date "2007.01.18"]
[Round "4"]
[White "Bezold,M"]
[Black "Loeffler,S"]
[Result "1-0"]
[WhiteElo "2534"]
[BlackElo "2448"]

1.c4 c6 2.Nc3 d5 3.e3 e5 4.d4 e4 5.Qb3 Nf6 6.Bd2 a6 7.Rc1 b5 8.cxd5 cxd5
9.a4 bxa4 10.Qxa4+ Bd7 11.Qa2 Bc6 12.Na4 Bd6 13.Nc5 Ng4 14.Be2 h5 15.Nh3 Qh4
16.Qb3 O-O 17.g3 Qe7 18.Nf4 Bxf4 19.exf4 Re8 20.h3 Nf6 21.g4 Bb5 22.g5 e3
23.Bxe3 Ne4 24.Bxb5 axb5 25.O-O Rd8 26.Qxb5 Nd7 27.Nxd7 Rxd7 28.Rc6 Rad8
29.Qe2 Rb7 30.Rfc1 Nd6 31.Qxh5 Nc4 32.f5 Qd7 33.R6xc4 dxc4 34.g6 fxg6 35.fxg6 Qd5
36.Qh7+ Kf8 37.Qh8+ Qg8 38.Qh4 Rd6 39.Kh2 Rxb2 40.Ra1 Rb8 41.Qf4+  1-0

[Event "Corus B"]
[Site "Wijk aan Zee NED"]
[Date "2007.01.19"]
[Round "6"]
[White "Jakovenko,D"]
[Black "L'Ami,E"]
[Result "0-1"]
[WhiteElo "2691"]
[BlackElo "2594"]

1.c4 c6 2.e4 d5 3.exd5 cxd5 4.d4 Nf6 5.Nc3 Nc6 6.Bg5 dxc4 7.Bxc4 Qxd4 8.Qxd4 Nxd4
9.O-O-O e5 10.f4 Bg4 11.Nf3 Nxf3 12.gxf3 Bxf3 13.fxe5 Bxh1 14.exf6 Rc8 15.Re1+ Kd7
16.Rd1+ Ke8 17.Re1+ Kd7 18.Rd1+ Ke8 19.Be2 h6 20.Bh4 g5 21.Bg3 Be4 22.Bg4 Rxc3+
23.bxc3 Ba3+ 24.Kd2 h5 25.Ke3 Bc2 26.Bd7+ Kf8 27.Re1 Kg8 28.Kd2 Bg6 29.h3 Kh7
30.Bc7 h4 31.Re5 Bf8 32.Bg4 Kh6 33.Ke2 b6 34.a4 Bc5 35.a5 Bh5 36.Rd5 Re8+
37.Kd3 Re3+ 38.Kc4 Bxg4 39.hxg4 Re4+ 40.Kb5 Rxg4 41.a6 Rg2 42.Kc6 h3 43.Kb7 h2
44.Bxh2 Rxh2 45.Kxa7 Ra2 46.Kb7 Kg6 47.a7 Kxf6  0-1

[Event "Open"]
[Site "Marianske Lazne CZE"]
[Date "2007.01.20"]
[Round "1"]
[White "Frotscher,T"]
[Black "Wiessner,J"]
[Result "1-0"]
[WhiteElo "2206"]
[BlackElo "1877"]

1.c4 c6 2.Nf3 d5 3.e3 Nf6 4.b3 Bf5 5.Bb2 e6 6.Be2 h6 7.O-O Be7 8.Ne5 O-O
9.f4 Nbd7 10.cxd5 exd5 11.Nc3 Bh7 12.d4 Rc8 13.Bd3 Bxd3 14.Qxd3 h5 15.Rf3 Re8
16.Raf1 Bf8 17.Rg3 Qe7 18.Qf5 Qe6 19.Qg5 a6 20.Nxd7 Nxd7 21.Qxh5 Nf6 22.Qh4 Ne4
23.Nxe4 Qxe4 24.Rh3 f6 25.Qh5 Rc7 26.f5 Bd6 27.Bc1 Rec8 28.Rh4 Qe7 29.Rf3 c5
30.Qh7+ Kf7 31.Qg6+  1-0

[Event "GM"]
[Site "Marianske Lazne CZE"]
[Date "2007.01.20"]
[Round "2"]
[White "Neuman,P"]
[Black "Meduna,E"]
[Result "0-1"]
[WhiteElo "2413"]
[BlackElo "2388"]

1.c4 c6 2.d4 d5 3.e3 Bf5 4.cxd5 cxd5 5.Qb3 Qc7 6.Nc3 e6 7.e4 Bxe4 8.Nb5 Qb6
9.Bf4 Na6 10.f3 Bg6 11.Rc1 Bb4+ 12.Kf2 Ne7 13.a3 Ba5 14.Qa4 O-O 15.b4 Bxb4
16.axb4 Rfc8 17.Ne2 Rxc1 18.Nxc1 Nc6 19.Bd6 Nxd4 20.Bc5 Nxc5 21.bxc5 Qxc5
22.Qxd4 Qxc1 23.h4 h5 24.Rg1 a6 25.Be2 Qc6 26.Nc3 Rc8 27.Rc1 e5 28.Qb4 Qd7
29.Na2 d4 30.Rc5 Kh8 31.Qc4 b5 32.Qc1 Rd8 33.Rc7 Qe6 34.Nb4 d3 35.Bd1 e4
36.Qc5 Qf6 37.Kg3 e3 38.Qxe3 Qd6+ 39.Qf4 Qxf4+ 40.Kxf4  0-1

[Event "TCh-AUT 2006-7"]
[Site "Leoben AUT"]
[Date "2007.01.21"]
[Round "7"]
[White "Stangl,M"]
[Black "Novkovic,Mi"]
[Result "1/2-1/2"]
[WhiteElo "2465"]
[BlackElo "2415"]

1.c4 c6 2.Nf3 d5 3.d4 Nf6 4.Nc3 e6 5.g3 Nbd7 6.Bg2 dxc4 7.a4 Bb4 8.O-O O-O
9.Qc2 Qe7 10.Bf4 Nd5 11.Ng5 g6 12.Bd2 Nxc3 13.bxc3 Ba5 14.f4 c5 15.e3 Rb8
16.h4 Nf6 17.e4 cxd4 18.cxd4 Bxd2 19.Qxd2 b6 20.e5 Nd5 21.h5 Bb7 22.Ne4 Rfd8
23.hxg6 hxg6 24.g4 f5 25.exf6 Nxf6 26.Rae1 Bxe4 27.Bxe4 Nxg4 28.Qg2 Qh4 29.Bxg6 Rxd4
30.Rxe6 Kh8 31.Rfe1 Rxf4 32.Re8+ Rf8 33.R8e4 Rf2 34.Qh1 Qxh1+ 35.Kxh1 Nf6
36.Rxc4 Kg7 37.Kg1 Rd2 38.Bf5 Kh6 39.Rc6 Kg5 40.Bc8  1/2-1/2

[Event "ch-GER"]
[Site "Koenigshofen GER"]
[Date "2007.01.22"]
[Round "4"]
[White "Tereick,B"]
[Black "Beikert,G"]
[Result "0-1"]
[WhiteElo "2382"]
[BlackElo "2434"]

1.c4 c6 2.g3 d5 3.Bg2 Nf6 4.Nf3 dxc4 5.O-O e6 6.a4 a5 7.Qc2 Qd5 8.Na3 Bxa3
9.bxa3 Qe4 10.d3 cxd3 11.exd3 Qd5 12.Bf4 O-O 13.Ne5 Qd8 14.Nc4 Nd5 15.Bd6 Re8
16.Rab1 Nd7 17.Rfe1 b6 18.g4 Ba6 19.d4 Rc8 20.Bg3 Bxc4 21.Qxc4 Qg5 22.h3 h5
23.f4 Qg6 24.f5 exf5 25.Bxd5 cxd5 26.Qxd5 Rxe1+ 27.Rxe1 Nf6 28.Qxf5 Qxf5
29.gxf5 Rc3 30.Bd6 Rxh3 31.Rb1 Rd3 32.Rxb6 Rxd4 33.Ra6 Kh7 34.Bc7 Nd5 35.Bd8 Ne3
36.Bc7 Nc4 37.Bxa5 Nxa5 38.Rxa5 Kh6 39.Ra7 Rg4+ 40.Kh2 f6 41.Ra8 Kh7 42.Kh3 Rf4
43.Ra5 Rf3+ 44.Kg2 Rxa3 45.Kh2 Rf3 46.Kg2 Rf4 47.Kg3 Rg4+ 48.Kh3 Kh6 49.Ra7 Rg1
50.Rb7 Ra1 51.Ra7 Rf1 52.Ra5 Rf4 53.Kg3 Kg5 54.Rb5 Rxa4 55.Kh3 Rf4 56.Rb7 Rh4+  0-1

[Event "Open"]
[Site "Moscow RUS"]
[Date "2007.01.29"]
[Round "3"]
[White "Pustov,P"]
[Black "Fomin,A1"]
[Result "1-0"]
[WhiteElo "2407"]
[BlackElo "2258"]

1.c4 c6 2.Nc3 d5 3.e3 e5 4.d4 exd4 5.exd4 Nf6 6.Nf3 Be7 7.h3 O-O 8.Bd3 dxc4
9.Bxc4 h6 10.O-O Nbd7 11.Re1 Nb6 12.Bb3 Nbd5 13.Ne5 Bb4 14.Bd2 Ba5 15.Qf3 Be6
16.Rad1 Bb6 17.Bc2 Re8 18.Bc1 Qe7 19.a3 a5 20.Qg3 Nh5 21.Qd3 Nhf6 22.Na4 Ba7
23.Bd2 Qf8 24.Bb1 g6 25.Qg3 Qg7 26.Nc5 Bc8 27.Qf3 b6 28.Ne4 Bb7 29.Nd6 Re7
30.Nxb7 Rxb7 31.Nxc6 Rc8 32.Nxa7 Rxa7 33.Bf4 Nxf4 34.Qxf4 Rd7 35.Qf3 Rcd8
36.Qb3 Rd6 37.Ba2 Nd5 38.Qb5 Kh7 39.Qb3 R6d7 40.Qg3 Rb7 41.Qd3 Qf6  1-0

[Event "Gibtelecom Masters"]
[Site "Catalan Bay ENG"]
[Date "2007.01.31"]
[Round "8"]
[White "Dunn,An1"]
[Black "Aaberg,A"]
[Result "1/2-1/2"]
[WhiteElo "2190"]
[BlackElo "2400"]

1.c4 c6 2.Nc3 d5 3.d4 Nf6 4.e3 a6 5.Nf3 b5 6.b3 Bg4 7.h3 Bh5 8.Be2 e6 9.O-O Nbd7
10.Bb2 Bd6 11.Ne5 Bxe2 12.Nxe2 bxc4 13.bxc4 Qb8 14.Nxd7 Kxd7 15.Rb1 Qb4 16.cxd5 cxd5
17.Bc3 Qc4 18.Rb7+ Bc7 19.Ba5 Rhc8 20.Nc3 Rab8 21.Ra7 Kd6 22.Bxc7+ Rxc7 23.Rxc7 Kxc7
24.Qd2 Rb6 25.Rc1 Rc6 26.f3 Kd7 27.Kf2 Ne8 28.Ne2 Qa4 29.Rxc6 Kxc6 30.Qc3+ Kd7
31.Qb2 Nd6 32.Nc3 Qc4 33.Ne2 Nb5 34.e4 Kc6 35.Ke3 Kd7 36.e5 a5 37.Qd2 a4
38.Qa5 a3 39.Qa6 Kc7 40.f4 Qb4 41.g4 g6 42.f5 gxf5 43.gxf5 Qb2 44.fxe6 fxe6
45.h4 h5 46.Qa8 Qb1 47.Qf8 Qb2 48.Qe7+ Kb8 49.Qc5 Kb7 50.Kf3 Ka6 51.Qc8+ Ka5
52.Qd8+ Kb4 53.Qe7+ Ka4 54.Qd7 Qc2 55.Ke3 Qc4 56.Qe8 Ka5 57.Qa8+ Kb6 58.Qd8+ Kb7
59.Qe7+ Kb6 60.Qxe6+ Ka5 61.Qd7 Nc3 62.Qd8+ Ka6 63.Qa8+ Kb6 64.Qb8+ Ka6 65.Qa8+ Kb6
66.Qb8+  1/2-1/2

[Event "Gibtelecom Masters"]
[Site "Catalan Bay ENG"]
[Date "2007.02.01"]
[Round "9"]
[White "Hocevar,N"]
[Black "Nordstrom,F"]
[Result "0-1"]
[WhiteElo "2111"]
[BlackElo "2199"]

1.c4 c6 2.e4 d5 3.exd5 cxd5 4.d4 Nf6 5.Nc3 e6 6.Nf3 Bb4 7.Qb3 Nc6 8.a3 Bxc3+
9.bxc3 Na5 10.Qb4 Qc7 11.Ne5 dxc4 12.Bxc4 Nxc4 13.Qxc4 Qxc4 14.Nxc4 O-O 15.Ne5 Bd7
16.f3 Rfc8 17.Bd2 Bb5 18.Rb1 Ba6 19.Kf2 Ne8 20.Rhc1 b6 21.Ng4 Rc6 22.Rb4 f6
23.c4 Rd8 24.Ra4 Bc8 25.Rxa7 h5 26.Ne3 Rxd4 27.Bb4 Nd6 28.c5 Nb7 29.Bc3 Nxc5
30.Bxd4 Nd3+ 31.Kg3 Nxc1 32.Ra8 Ne2+  0-1

[Event "FINEC WGM"]
[Site "St Petersburg RUS"]
[Date "2007.02.01"]
[Round "8"]
[White "Sirotkina,N"]
[Black "Solovjova,V"]
[Result "1/2-1/2"]
[WhiteElo "2284"]
[BlackElo "2267"]

1.c4 c6 2.Nf3 d5 3.b3 Nf6 4.Bb2 Bf5 5.g3 e6 6.Bg2 Bd6 7.O-O O-O 8.d3 Qe7
9.Nbd2 e5 10.e4 dxe4 11.dxe4 Bg6 12.c5 Bxc5 13.Nxe5 Nbd7 14.Nxg6 hxg6 15.Qc2 Ne5
16.Nc4 Nxc4 17.Qxc4 Rad8 18.e5 Nd5 19.a3 Nc7 20.b4 Bb6 21.a4 Ne6 22.b5 cxb5
23.Qxb5 Nd4 24.Bxd4 Bxd4 25.Rae1 b6 26.e6 fxe6 27.Qc4 Rf6 28.Bd5 exd5 29.Qxd4 Qc5
30.Qd2 Rdf8 31.Re5 Rf5 32.Rxf5 Rxf5 33.Re1 d4 34.Re8+ Rf8 35.Re4 Rd8 36.Re6 Kf7
37.Re1 d3 38.Rc1 Qd6 39.Rc4 Rd7 40.h4 Qd5 41.Rc8 Qe5 42.Qb4 Qd6 43.Qc4+ Qd5
44.Qf4+ Qf5 45.Qc4+ Qd5 46.Qf4+ Qf5  1/2-1/2

[Event "Bundesliga 2006-7"]
[Site "Berlin GER"]
[Date "2007.02.04"]
[Round "9"]
[White "Miezis,N"]
[Black "Johannessen,LE"]
[Result "1/2-1/2"]
[WhiteElo "2517"]
[BlackElo "2537"]

1.c4 c6 2.e4 d5 3.exd5 cxd5 4.cxd5 Nf6 5.Nc3 Nxd5 6.Nf3 Nc6 7.Bb5 e6 8.O-O Be7
9.Re1 O-O 10.d4 Qd6 11.Ne4 Qc7 12.Bg5 Bxg5 13.Nexg5 h6 14.Ne4 Bd7 15.Rc1 Qb6
16.Bc4 Rfd8 17.Nc3 Nce7 18.Bxd5 Nxd5 19.Nxd5 exd5 20.Ne5 Be6 21.Qd2 Rac8
22.Rc3 Qa5 23.h3 Re8 24.Nd3 Qxa2 25.Rxc8 Rxc8 26.Nc5 b6 27.Nxe6 fxe6 28.Rxe6 Qb1+
29.Kh2 Qc1 30.Qe3 Qxe3 31.fxe3 Kf7 32.Re5 Re8 33.Rf5+ Ke6 34.Re5+ Kf7 35.Rf5+ Ke6
36.Re5+  1/2-1/2